素数ドボン - Statistics

General Stats
  • This quiz has been taken 27 times
  • The average score is 4 of 17
Answers on the Grid
Answers color-coded by a green-red scale on the quiz's grid according to % correct below.
17
23
37
47
91
97
113
119
237
293
301
334
383
401
441
497
509
599
607
647
781
997
1087
2001
2021
2027
2029
2031
10001
11451
 
Answer Stats
Answer % Correct
17
91%
23
82%
37
82%
47
82%
97
45%
113
27%
293
9%
509
9%
599
9%
647
9%
1087
0%
2027
0%
2029
0%
383
0%
401
0%
607
0%
997
0%
No matching quizzes found
Score Distribution
Percent of People with Each Score
Percentile by Number Answered
Your Score History
You have not taken this quiz